00582nam a22001937a 450000500170000001000150001702000260003203500140005803700090007208200080008110000180008924500710010726000580017827001220023630000210035870000030037970000030038270000030038520250908115740.0 aENG-146671 c150.00a9788128812149 aEN-130203 bDBAD a921 a Sigi, Rekha  aMunshi Premchand :bBiography of a Great Hindi Writer/cRekha Sigi aOkhla, New DelhibDiamond Pocket Books (P) LTD.c2019 aX-30, Okhla Industrial Area, Phase - IIbNew Delhi e110020msales@diamondpublication.comk011-41611861l011-41611866 a127p.c21cm(pbk)